000 00840nam a22002175i 4500
001 164810
003 ES-MaACL
005 20250807013019.0
008 151008s1849 sp |||| | spa d
100 1 _aBerthelot, Sabin.
_928445
245 1 0 _aEthnografía y anales de la conquista de las Islas Canarias /
_cescrita en francés por Sabin Berthelot ; y traducida al castellano por Juan Arturo Malibrán.
260 _aSanta Cruz de Tenerife :
_bImp., Litogr. y Librería Isleña,
_c1849.
300 _a338, 55 p. ;
_c22 cm.
530 _aDisponible en formato digital.
650 0 4 _aGuanches.
_913169
650 4 _a
_9241643
700 0 _aMalibrán, Juan Arturo.
_975776
852 _aES-MaACL
_jG-11538(5)
856 _uhttp://bdh-rd.bne.es/viewer.vm?id=0000056184&page=1
_zBiblioteca Digital Hispánica
999 _c164810
_d164810